000 00768nam a2200229Ia 4500
999 _c49874
_d49874
001 16809
003 GE_BSU
005 20200203103035.0
008 181216s2015||||e |||||||||||||| ||eng||
020 _a9781612501369
040 _cGE_BSU
080 _a159.943.1+37 M-73
100 _aMinahan, Jessica.
_96665
245 4 _aThe Behavior Code :
_bA practical Guide to Understanding the Most Chalerging Students /
_cMinahan Jessica ; Nancy Rappapor.
260 _cCambridge,Massachusetts :
_aHarvard Education Press;,
_b2015.
300 _a268 p .:
_c,23 cm.
653 _aპედაგოგიკა
653 _aფსიქოლოგია
653 _aქცევის კოდექსი
700 _aRappapor, Nancy
_96666
942 _cBK
_2udc